Aj rastlinné produkty potrebujú pas

Bibliographic Details
Main Author: Fojtíková, Lýdia (Author)
Format: Article
Language:Slovak
ISSN:1335-440X
Subjects:

MARC

LEADER 00000nab a2200000 a 4500
001 vtls008158055
003 SK-MaSNL
005 20260426104006.0
008 050602c20050513xo wr|p|||||||000 b|slo
015 |a SNBRB2005/06  |2 snkbucl 
038 |a SNKBUCL 
040 |a SNKBUCL  |b slo  |c SNKBUCL  |e AACR2 
041 0 |a slo 
044 |a xo  |c SK 
080 |a 632.913.1  |x (437.6)  |2 UDC-MRF-SK2 
100 1 |a Fojtíková, Lýdia  |4 aut  |9 1316365 
245 1 0 |a Aj rastlinné produkty potrebujú pas  |c Lýdia Fojtíková 
650 0 7 |a rastliny  |2 snkbucl  |9 690 
650 0 7 |a rastlinné produkty  |2 snkbucl  |9 31813 
650 0 7 |a dovoz  |2 snkbucl  |9 856 
650 0 7 |a vývoz  |2 snkbucl  |9 1067 
650 0 7 |a právne predpisy  |2 snkbucl  |9 1155 
651 7 |a Slovensko  |2 snkbucl  |9 14231 
773 0 |t Sme. Roľnícke noviny  |g Č. 110 (13.5.2005)  |x 1335-440X 
773 0 8 |i Príl.:  |t Roľnícke noviny  |g Č. 20 (13.5.2005), s. 9 
852 |a SNK  |b KIS3GCP 
999 |c 3303542  |d 3305472